<?xml version="1.0" encoding="UTF-8"?>
<record
    xmlns:xsi="http://www.w3.org/2001/XMLSchema-instance"
    xsi:schemaLocation="http://www.loc.gov/MARC21/slim http://www.loc.gov/standards/marcxml/schema/MARC21slim.xsd"
    xmlns="http://www.loc.gov/MARC21/slim">

  <leader>01390nam0a22002891  4500</leader>
  <controlfield tag="001">v19\rc\1955941</controlfield>
  <controlfield tag="005">20260405132220.0</controlfield>
  <datafield tag="035" ind1=" " ind2=" ">
    <subfield code="a">(NLR Aleph) 005054415</subfield>
  </datafield>
  <datafield tag="090" ind1=" " ind2=" ">
    <subfield code="a">6929124</subfield>
    <subfield code="c">6929124</subfield>
  </datafield>
  <datafield tag="100" ind1=" " ind2=" ">
    <subfield code="a">20251123              rusy50        </subfield>
  </datafield>
  <datafield tag="101" ind1="0" ind2=" ">
    <subfield code="a">rus</subfield>
  </datafield>
  <datafield tag="102" ind1=" " ind2=" ">
    <subfield code="a">RU</subfield>
  </datafield>
  <datafield tag="105" ind1=" " ind2=" ">
    <subfield code="a">y   z   |||||</subfield>
  </datafield>
  <datafield tag="200" ind1="1" ind2=" ">
    <subfield code="a">&#x41F;&#x430;&#x43C;&#x44F;&#x442;&#x438; &#x432;&#x44B;&#x441;&#x43E;&#x43A;&#x43E;&#x43F;&#x440;&#x435;&#x43E;&#x441;&#x432;&#x44F;&#x449;&#x435;&#x43D;&#x43D;&#x435;&#x439;&#x448;&#x435;&#x433;&#x43E; &#x430;&#x440;&#x445;&#x438;&#x435;&#x43F;&#x438;&#x441;&#x43A;&#x43E;&#x43F;&#x430; &#x425;&#x435;&#x440;&#x441;&#x43E;&#x43D;&#x441;&#x43A;&#x43E;&#x433;&#x43E; &#x438; &#x41E;&#x434;&#x435;&#x441;&#x441;&#x43A;&#x43E;&#x433;&#x43E; &#x414;&#x438;&#x43C;&#x438;&#x442;&#x440;&#x438;&#x44F; [&#x41C;.&#x413;. &#x41A;&#x43E;&#x432;&#x430;&#x43B;&#x44C;&#x43D;&#x438;&#x446;&#x43A;&#x43E;&#x433;&#x43E;]. ([&#x443;&#x43C;.] 3 &#x444;&#x435;&#x432;&#x440;. 1913 &#x433;.)</subfield>
    <subfield code="e">[&#x421;&#x431;&#x43E;&#x440;&#x43D;&#x438;&#x43A;]</subfield>
  </datafield>
  <datafield tag="210" ind1=" " ind2=" ">
    <subfield code="a">&#x41A;&#x438;&#x435;&#x432;</subfield>
    <subfield code="c">&#x442;&#x438;&#x43F;. &#x410;&#x41E; "&#x41F;&#x435;&#x442;&#x440; &#x411;&#x430;&#x440;&#x441;&#x43A;&#x438;&#x439; &#x432; &#x41A;&#x438;&#x435;&#x432;&#x435;"</subfield>
    <subfield code="d">1913</subfield>
  </datafield>
  <datafield tag="215" ind1=" " ind2=" ">
    <subfield code="a">[2], 21 &#x441;.</subfield>
    <subfield code="d">24</subfield>
  </datafield>
  <datafield tag="311" ind1=" " ind2=" ">
    <subfield code="a">&#x41E;&#x442;&#x442;. &#x438;&#x437; &#x436;&#x443;&#x440;&#x43D;. "&#x422;&#x440;. &#x41A;&#x438;&#x435;&#x432;. &#x434;&#x443;&#x445;&#x43E;&#x432;. &#x430;&#x43A;&#x430;&#x434;."</subfield>
  </datafield>
  <datafield tag="488" ind1=" " ind2="0">
    <subfield code="1">2001#$a&#x422;&#x440;&#x443;&#x434;&#x44B; &#x41A;&#x438;&#x435;&#x432;&#x441;&#x43A;&#x43E;&#x439; &#x434;&#x443;&#x445;&#x43E;&#x432;&#x43D;&#x43E;&#x439; &#x430;&#x43A;&#x430;&#x434;&#x435;&#x43C;&#x438;&#x438;</subfield>
    <subfield code="t">&#x422;&#x440;&#x443;&#x434;&#x44B; &#x41A;&#x438;&#x435;&#x432;&#x441;&#x43A;&#x43E;&#x439; &#x434;&#x443;&#x445;&#x43E;&#x432;&#x43D;&#x43E;&#x439; &#x430;&#x43A;&#x430;&#x434;&#x435;&#x43C;&#x438;&#x438;</subfield>
  </datafield>
  <datafield tag="702" ind1=" " ind2="0">
    <subfield code="4">570</subfield>
    <subfield code="8">rus</subfield>
    <subfield code="7">ca</subfield>
    <subfield code="a">&#x414;&#x438;&#x43C;&#x438;&#x442;&#x440;&#x438;&#x439;</subfield>
    <subfield code="c">&#x41A;&#x43E;&#x432;&#x430;&#x43B;&#x44C;&#x43D;&#x438;&#x446;&#x43A;&#x438;&#x439;, &#x41C;&#x438;&#x445;&#x430;&#x438;&#x43B; &#x413;&#x435;&#x43E;&#x440;&#x433;&#x438;&#x435;&#x432;&#x438;&#x447;</subfield>
    <subfield code="c">&#x430;&#x440;&#x445;&#x438;&#x435;&#x43F;&#x438;&#x441;&#x43A;&#x43E;&#x43F; &#x425;&#x435;&#x440;&#x441;&#x43E;&#x43D;&#x441;&#x43A;&#x438;&#x439; &#x438; &#x41E;&#x434;&#x435;&#x441;&#x441;&#x43A;&#x438;&#x439;</subfield>
    <subfield code="f">1839-1913</subfield>
    <subfield code="3">RU\NLR\AUTH\7753091</subfield>
    <subfield code="9">36024</subfield>
  </datafield>
  <datafield tag="790" ind1=" " ind2="1">
    <subfield code="a">&#x41A;&#x43E;&#x432;&#x430;&#x43B;&#x44C;&#x43D;&#x438;&#x446;&#x43A;&#x438;&#x439;</subfield>
    <subfield code="b">&#x41C;.&#x413;.</subfield>
    <subfield code="f">1839-1913</subfield>
    <subfield code="g">&#x41C;&#x438;&#x445;&#x430;&#x438;&#x43B; &#x413;&#x435;&#x43E;&#x440;&#x433;&#x438;&#x435;&#x432;&#x438;&#x447;</subfield>
  </datafield>
  <datafield tag="801" ind1=" " ind2="0">
    <subfield code="a">RU</subfield>
    <subfield code="b">NLR</subfield>
    <subfield code="g">psbo</subfield>
  </datafield>
  <datafield tag="801" ind1=" " ind2="0">
    <subfield code="a">RU</subfield>
    <subfield code="b">RuMoRGB</subfield>
    <subfield code="2">psbo</subfield>
  </datafield>
  <datafield tag="801" ind1=" " ind2="1">
    <subfield code="a">RU</subfield>
    <subfield code="b">ProSoft-M</subfield>
    <subfield code="2">rusmarc</subfield>
  </datafield>
  <datafield tag="852" ind1=" " ind2=" ">
    <subfield code="a">NLR</subfield>
    <subfield code="j">18.298.8.257</subfield>
  </datafield>
  <datafield tag="899" ind1=" " ind2=" ">
    <subfield code="a">RuMoRGB</subfield>
    <subfield code="j">V 115/431</subfield>
  </datafield>
  <datafield tag="942" ind1=" " ind2=" ">
    <subfield code="c">BOOK</subfield>
  </datafield>
  <datafield tag="980" ind1=" " ind2=" ">
    <subfield code="a">NB</subfield>
  </datafield>
  <datafield tag="995" ind1=" " ind2=" ">
    <subfield code="5">2013-10-26</subfield>
    <subfield code="b">NLR02</subfield>
    <subfield code="c">NLR02</subfield>
    <subfield code="e">RFS</subfield>
    <subfield code="f">5054415-10</subfield>
    <subfield code="k">18.298.8.257</subfield>
    <subfield code="o">0</subfield>
    <subfield code="r">BOOK</subfield>
    <subfield code="s">182988257_</subfield>
  </datafield>
</record>
